LIBRARY & INFORMATION CENTRE, KCAET, TAVANUR

ONLINE PUBLIC ACCESS CATALOGUE (OPAC)

Humanazing work and work environment : ergo safety for all (Record no. 15619)

MARC details
000 -LEADER
fixed length control field 00406nam a22001337a 4500
003 - CONTROL NUMBER IDENTIFIER
control field OSt
008 - FIXED-LENGTH DATA ELEMENTS--GENERAL INFORMATION
fixed length control field 190521b ||||| |||| 00| 0 eng d
020 ## - INTERNATIONAL STANDARD BOOK NUMBER
ISBN 9789351302278
082 ## - DEWEY DECIMAL CLASSIFICATION NUMBER
Classification number 620.820954
Item number VIN/HU
245 ## - TITLE STATEMENT
Title Humanazing work and work environment : ergo safety for all
260 ## - PUBLICATION, DISTRIBUTION, ETC. (IMPRINT)
Place of publication New Delhi
Name of publisher Daya publishing House, A Division of Astral International Pvt.Ltd
Year of publication 2014
300 ## - PHYSICAL DESCRIPTION
Number of Pages 629 p.
942 ## - ADDED ENTRY ELEMENTS (KOHA)
Koha item type Books

No items available.

free website counter